000
00286nam a2200109Ia 4500
008
200302s9999 xx 000 0 und d
100
_a
John S. Crowley & Other
245
_a
Practical Passive Solar Design
260
_b
Tata Mcgraw-Hill Publishing Co.
260
_c
1984
300
_a
250 P.,
999
_c
2307
_d
2307